Отчеты, доклады, рапорты и переписка с Управлением земледелием и государственных имуществ в Туркестанском крае об орошении этих ...

Доступно только в Электронных читальных залах Найти на картеНа карте
RUSMARC
00003878nmc2a22002413x 450
001ea49bf17-8b78-49bd-a9d7-9575e273d80c
00520210423022231.0
100##$a20201211l18981901k l0rusy0189 ca
1010#$arus
102##$aRU
105##$ay###
1222#$ad
2001#$aОтчеты, доклады, рапорты и переписка с Управлением земледелием и государственных имуществ в Туркестанском крае об орошении этих земель
$j15 января 1898 г. - 12 февраля 1901 г.
215##$a327 л.
$d36,5х26 см
251##$cДело
300##$aОтчет о нивелировочных и съемочных работах за 1897 год (л. 162). Записка о проекте железной дороги для соединения Туркестанского края с Центральной Россией (л. 271)
371##$aДокумент не является опубликованным и широко распространяемым
461#0$1001f84b5098-93bb-44b7-8a66-4b3b23ff1cd5
$12001
$aДоклады, предположения и переписка об исследовании в 1901 году торфяных болот и по разным вопросам торфяного дела
$1251
$cДело
$1852
$j341
462#0$10011ad45bc4-c305-4a1e-a4f9-e0213db6ead5
$12001
$aОпись № 1
$1251
$cОпись
$1852
$j1
801#0$aRU
$bРГИА
$c20201211
$gRCR
801#1$aRU
$bГлавНИВЦ
$c20201211
$2rusmarc
801#2$aRU
$bПБ им. Б.Н. Ельцина
$c20210423
$gRCR
$2rusmarc
850##$aРГИА
852##$aРГИА
$eФедеральное казенное учреждение "Российский государственный исторический архив" (РГИА)
$j162
937##$hРГИА
$d12355271
$aASBIBLIO_SCAN
035##$aRusGRCC00018536
856##$uhttp://readingroom.main.prlib.ru/item.aspx?id_node=n163189364&mode=full
Формат отображения